Nuclear power in stagnation : a cultural approach to failed expansion /

Bibliographic Details
Main Authors: Toke, David (Author), Chen, Geoffrey Chun-Fung (Author), Froggatt, Antony (Author), Connolly, Richard, 1979- (Author)
Corporate Author: Taylor & Francis
Format: eBook
Language:English
Published: Abingdon, Oxon ; New York, NY : Routledge, 2021.
Series:Routledge studies in energy policy.
Subjects:
Online Access:Connect to the full text of this electronic book

MARC

Tag First Indicator Second Indicator Subfields
LEADER 00000cam a2200000 i 4500
001 in00004398721
005 20210728154426.0
006 m o d
007 cr cnu---unuuu
008 200914t20212021enka ob 001 0 eng
010 |a  2020041797 
020 |a 9780429440298  |q electronic book 
020 |a 0429440294  |q electronic book 
020 |a 9780429802584  |q electronic book 
020 |a 0429802587  |q electronic book 
020 |z 9781138341197  |q hardcover 
024 8 |a 40030446952 
035 |a (DLC)ybp16951422 
040 |a NhCcYBP  |c NhCcYBP  |d UtOrBLW 
042 |a pcc 
050 4 |a TK9152  |b .T65 2021 
082 0 0 |a 333.792/4  |2 23 
100 1 |a Toke, David,  |e author.  |0 http://id.loc.gov/authorities/names/no2009150014 
245 1 0 |a Nuclear power in stagnation :  |b a cultural approach to failed expansion /  |c David Toke, Geoffrey Chun-Fung Chen, Antony Froggatt and Richard Connolly. 
264 1 |a Abingdon, Oxon ;  |a New York, NY :  |b Routledge,  |c 2021. 
264 4 |c ©2021 
300 |a 1 online resource. 
336 |a text  |b txt  |2 rdacontent 
337 |a computer  |b c  |2 rdamedia 
338 |a online resource  |b cr  |2 rdacarrier 
490 1 |a Routledge studies in energy policy 
504 |a Includes bibliographical references and index. 
588 |a Description based on online resource; title from digital title page (viewed on March 26, 2021). 
500 |a Electronic resource. 
650 0 |a Nuclear engineering  |x Safety measures  |x Political aspects. 
650 0 |a Nuclear power plants  |x Safety measures  |x Government policy. 
650 0 |a Nuclear power plants  |x Design and construction  |x Costs. 
650 0 |a Barriers to entry (Industrial organization)  |0 http://id.loc.gov/authorities/subjects/sh85011959 
655 7 |a Electronic books.  |2 local 
700 1 |a Chen, Geoffrey Chun-Fung,  |e author.  |0 http://id.loc.gov/authorities/names/n2020051853 
700 1 |a Froggatt, Antony,  |e author.  |0 http://id.loc.gov/authorities/names/nb2009023895 
700 1 |a Connolly, Richard,  |d 1979-  |e author.  |0 http://id.loc.gov/authorities/names/n2018012179 
710 2 |a Taylor & Francis.  |0 http://id.loc.gov/authorities/names/n84073022 
776 1 8 |i Print version:  |a Toke, David.  |t Nuclear power in stagnation  |d Abingdon, Oxon ; New York, NY : Routledge, 2021.  |z 9781138341197  |w (DLC) 2020041796 
830 0 |a Routledge studies in energy policy.  |0 http://id.loc.gov/authorities/names/no2014106089 
856 4 0 |u http://proxy.library.tamu.edu/login?url=https://www.taylorfrancis.com/books/9780429440298  |z Connect to the full text of this electronic book  |t 0 
945 |b 838906 
955 |a YBP purchased approval e-records 
980 |b 154.00  |g 1 
999 f f |s baa6b938-ba39-3f6a-ad58-4276ee0a52b2  |i 130c9d3a-82bf-30c1-87fe-82ff3397f2f8  |t 0 
952 f f |a Texas A&M University  |b College Station  |c Electronic Resources  |d Available Online  |t 0  |e TK9152 .T65 2021  |h Library of Congress classification 
998 f f |a TK9152 .T65 2021  |t 0  |l Available Online